| 000 | 00430nam a22001457a 4500 | ||
|---|---|---|---|
| 020 | _a969-35-1868-3 | ||
| 040 | _cNUST | ||
| 082 | _a891.51,YAZ | ||
| 100 |
_aYazdani, Khwaja Hameed _9110475 |
||
| 245 |
_aSharh-e-Bang-e-Dara /شرح بانگ درا (Urdu) / _cKhwaja Hameed Yazdani |
||
| 260 |
_aLahore _bSang-e-Meel Pub _c2011 |
||
| 300 | _a584 p.; | ||
| 650 |
_aUrdu Literature _xPoetry _9110477 |
||
| 942 |
_2ddc _cBK _k891.51,YAZ |
||
| 999 |
_c593801 _d593801 |
||